[Event "Amber Rapidplay"]
[Site "Monaco MNC"]
[Date "2002.03.28"]
[Round "11"]
[White "Almasi,Z"]
[Black "Ljubojevic,L"]
[Result "1-0"]
[WhiteElo "2644"]
[BlackElo "2548"]
[EventDate "2002.03.16"]

1. e4 e5 2. Nf3 Nc6 3. Bb5 a6 4. Ba4 Nf6 5. O-O Be7 6. Re1 b5 7. Bb3 d6 8.
c3 O-O 9. h3 Na5 10. Bc2 c5 11. d4 Qc7 12. Nbd2 cxd4 13. cxd4 Rd8 14. a3
Bd7 15. Nf1 Rac8 16. Ne3 exd4 17. Nxd4 Bf8 18. Bd2 Re8 19. Qf3 Nc6 20. Bc3
Ne5 21. Qg3 Ng6 22. f3 Qb6 23. Qf2 a5 24. Qd2 d5 25. Bxa5 Qa7 26. exd5 Rxe3
27. Rxe3 Nxd5 28. Ree1 Rxc2 29. Qxc2 Qxa5 30. Rad1 Qb6 31. b4 Ngf4 32. Kh1
g6 33. Re4 Qf6 34. Ne2 Nxe2 35. Rxe2 Be6 36. Qb2 Qh4 37. Qd4 Nf4 38. Qf2
Qg5 39. Red2 Be7 40. Rd4 Bf6 41. Re4 Nh5 42. g4 Nf4 43. h4 Qh6 44. Qh2 Nd5
45. g5 Qh5 46. Qb8+ Kg7 47. gxf6+ Nxf6 48. Re3 Qxh4+ 49. Qh2 Qg5 50. Re5
Bf5 51. Rg1 Qh6 52. Rxf5 Qe3 53. Qf4 Qe6 54. Rxf6 Qh3+ 55. Qh2 1-0